01672 a2200157 45000010006000000050017000060080041000230030015000640400040000790800073001192450039001922640055002313000019002865051188003051000021014935700320260407155832.0260407a1970 arg spa dAR-UNSa-BCEJYS aAR-UNSa-BCEJYSbspacAR-UNSa-BCEJYS a658.3xPersonal. Relaciones humanas en la empresa (Recursos Humanos)10aEconomía de los Recursos Humanos 1aBuenos Aires :bFondo de Cultura Económicac1970 a278 p.c20 cm. aPrimera parte. La oferta de trabajo: 1. Introducción – 2. El tamaño de la población – 3. Las capacidades de la fuerza de trabajo – 4. Factores que influyen en las aptitudes de la fuerza de trabajo: El área psicomotriz – 5. Factores que influyen en las aptitudes de la fuerza de trabajo: el área intelectual – 6. Factores que influyen en las aptitudes de la fuerza de trabajo: la educación: observaciones generales – 7. Factores que influyen en las aptitudes de la fuerza de trabajo: la demanda de educación – 8. Factores que influyen en las aptitudes de la fuerza de trabajo: la oferta de educación – 9. Factores que influyen en las aptitudes de la fuerza de trabajo: el mercado de la educación – Segunda parte. La demanda de la fuerza de trabajo y el mercado de trabajo: 10. Introducción – 11. El tamaño y estructura de la fuerza de trabajo y la producción – 12. Las condiciones psicomotrices e intelectuales de la fuerza de trabajo y la producción – 13. La educación de la fuerza de trabajo y la producción – 14. La demanda de trabajo y el sistema educativo – 15. La distribución del ingreso y el crecimiento económico 1 aCorrea, Héctor